000 00491nam a22001457a 4500
008 140113b xxu||||| |||| 00| 0 eng d
050 _aD766.82.E34
100 _aGreat |Britain. War Office
_96546
245 _aThe Eighth army
_bSeptember 1941 to January 1943
260 _aLondon
_bHis Majesty's Stationery Office
_c1943
300 _a105p.
_c23cm
650 _aWorld War 1939-1945 - Campaigns - Africa, North
_96547
650 _aGreat Britain - Eight Army
_96548
942 _2lcc
_cMONOGRAPH
999 _c119531
_d119531